000 00487nam a22001817a 4500
003 KOHA_MİRAKIL
005 20260330131309.0
008 260330b tu ||||| |||| 00| 0 tur d
040 _aTR-AnABB
_btur
_cTR-AnABB
041 _atur
082 _a811.42
_bALG 2019
100 1 _aAlgan, Celalettin
245 1 0 _aSebil /
_cCelalettin Algan
260 _aİzmir :
_b[yayl. y.] ,
_c2019
300 _a69 sayfa ;
_c20 cm
650 0 4 _aTürk edebiyatı, şiir
942 _2ddc
_cBK
999 _c10099
_d10099
900 _bCan ÇELIK